Общая геология / ДО 2024 (21.03.01): электронный курс
| প্রধান লেখক: | |
|---|---|
| সংস্থা লেখক: | |
| সংক্ষিপ্ত: | Заглавие с экрана Основная цель курса - познакомить обучающихся с внутренним строением Земли, основными геологическими процессами протекающими на поверхности и в недрах планеты, с распространенными минералами и горными породами, а также с геологическим летоисчислением и особенностями определения возраста горных пород и геологических процессов Интерактивный мультимедиа ресурс AM_Login_TPU |
| ভাষা: | রুশ |
| প্রকাশিত: |
Томск, TPU Moodle, 2024
|
| বিষয়গুলি: | |
| অনলাইন ব্যবহার করুন: | https://design.lms.tpu.ru/course/view.php?id=5141 |
| বিন্যাস: | বৈদ্যুতিক গ্রন্থ |
| KOHA link: | https://koha.lib.tpu.ru/cgi-bin/koha/opac-detail.pl?biblionumber=677536 |
MARC
| LEADER | 00000nlm0a2200000 4500 | ||
|---|---|---|---|
| 001 | 677536 | ||
| 005 | 20241218103738.0 | ||
| 090 | |a 677536 | ||
| 100 | |a 20241218d2024 m||y0rusy50 ca | ||
| 101 | 0 | |a rus | |
| 102 | |a RU | ||
| 105 | |a a j 000yy | ||
| 135 | |a jrcn ---uucaa | ||
| 181 | 0 | |a i |b e | |
| 182 | 0 | |a b | |
| 183 | 0 | |a cr |2 RDAcarrier | |
| 200 | 1 | |a Общая геология / ДО 2024 (21.03.01) |e электронный курс |f Е. А. Синкина |g Национальный исследовательский Томский политехнический университет, Отделение геологии | |
| 203 | |a Текст |c электронный |b визуальный | ||
| 210 | |a Томск |c TPU Moodle |d 2024 | ||
| 283 | |a online_resource |2 RDAcarrier | ||
| 300 | |a Заглавие с экрана | ||
| 330 | |a Основная цель курса - познакомить обучающихся с внутренним строением Земли, основными геологическими процессами протекающими на поверхности и в недрах планеты, с распространенными минералами и горными породами, а также с геологическим летоисчислением и особенностями определения возраста горных пород и геологических процессов | ||
| 336 | |a Интерактивный мультимедиа ресурс | ||
| 371 | |a AM_Login_TPU | ||
| 606 | 1 | |a Геология |9 34054 | |
| 610 | 1 | |a электронный ресурс | |
| 610 | 1 | |a труды учёных ТПУ | |
| 610 | 1 | |a электронное обучение | |
| 610 | 1 | |a кампусные онлайн-курсы | |
| 610 | 1 | |a дистанционное образование | |
| 610 | 1 | |a дистанционное обучение | |
| 610 | 1 | |a e-learning | |
| 610 | 1 | |a Moodle | |
| 610 | 1 | |a минералы | |
| 610 | 1 | |a горные породы | |
| 610 | 1 | |a эндогенные геологические процессы | |
| 610 | 1 | |a экзогенные геологические процессы | |
| 610 | 1 | |a геологическое летоисчисление | |
| 675 | |a 55(075.8) |v 4 | ||
| 700 | 1 | |a Синкина |b Е. А. |c геолог |c доцент Томского политехнического университета, кандидат геолого-минералогических наук |f 1986- |g Екатерина Андреевна |9 20032 | |
| 712 | 0 | 2 | |a Национальный исследовательский Томский политехнический университет |b Инженерная школа природных ресурсов |b Отделение геологии |9 28339 |4 570 |
| 801 | 0 | |a RU |b 63413507 |c 20241218 |g RCR | |
| 850 | |a 63413507 | ||
| 856 | 4 | |u https://design.lms.tpu.ru/course/view.php?id=5141 |z https://design.lms.tpu.ru/course/view.php?id=5141 | |
| 942 | |c CF | ||